000 00213nam a22001097a 4500
082 _a510KOV
100 _aKovacic
245 _aMathematics
260 _aBoston
_bPrentice hall
_c1978
300 _a644
942 _cBK
999 _c12496
_d12496